000 00297nam a2200121Ia 4500
008 220204s9999 xx 000 0 und d
082 _a330.342.14
_bEDW
100 _aEDWARDS, bichard C
245 0 _aCapitalist system
250 _aEd.2
260 _aNew Jersey
_bPrentice Hall
_c1972
942 _cBK
999 _c29177
_d29177